000 01608nam a2200337 i 4500
003 EG-GICUC
005 20260330170649.0
008 260330s2015 ua ||||fr|||| 000 0 ara d
017 _a2090-72-81
040 _a EG-GICUC
_bara
_c EG-GICUC
_d EG-GICUC
_erda
041 0 _aara
082 0 4 _221
_a255
_bج م . ح
092 0 4 _221
099 _aLaw1 01 255 ج م . ح 2015
100 0 _aجمال عبدالستار عبدالله حسن.
_eمؤلف.
245 1 0 _aحجية القياس في العقوبات ومدى معارضتها مبدأ الشريعة الجنائية في الشريعة الإسلامية :
_bدراسة أصولية فقهية مقارنة بالقانون الوضعي /
_cجمال عبدالستار عبدالله حسن.
264 1 _aبنها :
_bجامعة بنها،
_c2015.
300 _a140 صفحة، صفحات غير مرقمة ؛
_c24 سم.
336 _2rda content
_atext
337 _2rda media
_aComputer
338 _2rda carrier
_aOnline Resource
500 _aمستلة من مجلة الفكر القانوني والإقتصادي مجلة نصف سنوية محكمة تصدرها كلية الحقوق - جامعة بنها. السنة الخامسة - العدد الأول - 2015.
504 _aببليوجرافيا: صفحات 127 - 138
504 _aيشتمل على إرجاعات ببليوجرافية.
546 _aالنص باللغة العربية
650 1 _aالجنايات
_2qrmak
651 1 _2qrmak
856 4 0 _uhttps://fll.law.cu.edu.eg/fulltext/bks/B01-06436.pdf
905 _a62
942 _2ddc
_n0
_cBK
_e21
999 _c67588
_d67588